zpět

Detail výsledku týmu

Hostinec Depo, Český Krumlov

Datum a čas kvízu

32.5 Celkem bodů Celkový počet nahraných bodů na tomto kvízu bez doplňovacích otázek.
2. Pořadí na kvízu Konečné umístění týmu na tomto kvízu.

Zaznamenané odpovědi

# Otázka Odpověď Body Výsledky
1. Prezident Pavel si při své dvo... TON 1
2. Parlament jednoho evropského s... Spojené království (Velká Británie) 1
3. Devětadvacetiletý Nigerijec Tu... hrál šachy 0
4. Automobilka Alfa Romeo se rozh... Milano 0
5. 21letý litevský reprezentant M... C) hod diskem 1
6. Jihoafrická republika má de fa... Kapské město; Bloemfontein 0.5
7. Které evropské hlavní město se... Oslo 0
8. Zatímco některé země mají hlav... o Nauru 0
9. Které malebné hlavní město lež... Tallinn 0
10. Kazachstán drží rekord v přejm... Astana; Nur-Sultan 0.5